| 000 | 00925cab a2200337 4500 | ||
|---|---|---|---|
| 001 | ABS55083 | ||
| 008 | 090401t1996 xxu||||| |||| 00| 0 eng d | ||
| 035 | _a(Sirsi) u14062 | ||
| 041 | _aeng | ||
| 245 | _aProperty awards 1996 | ||
| 260 | _c1996 | ||
| 300 | _aLOAN | ||
| 350 | _a0 | ||
| 490 |
_aProperty Week _vSupplement 55(3) 18 April 1996, (52) |
||
| 520 | _aPresents the winners in each of the ten categories of the 1996 Property awards. | ||
| 650 | _aARGENT GROUP PLC | ||
| 650 | _aBAA PLC | ||
| 650 | _aBIRMINGHAM CITY COUNCIL | ||
| 650 | _aCOMPETITIONS | ||
| 650 | _aFREEMAN BROTHERS | ||
| 650 | _aHEALEY AND BAKER | ||
| 650 | _aJONES LANG WOOTTON | ||
| 650 | _aKING STURGE AND CO | ||
| 650 | _aMERCURY ASSET MANAGEMENT | ||
| 650 | _aPERSONALITY OF THE YEAR | ||
| 650 | _aPROPERTY AWARDS 1996 | ||
| 650 | _aRITBLAT JOHN | ||
| 690 | _aSPECIAL REPORTS | ||
| 942 | _n0 | ||
| 948 | _c04/03/1997 | ||
| 999 |
_c9114 _d9114 |
||